Obchodovanie na medzinárodných finančných trhoch bakalárska práca

Enregistré dans:
Détails bibliographiques
Auteur principal: Konečný, Peter
Collectivité auteur: Podnikovohospodárska fakulta EU so sídlom v Košiciach. Katedra obchodného podnikania
Autres auteurs: Zuzik, Jozef, 1985-
Format: Livre
Langue:slovaque
Publié: Košice 2023
Tags: Ajouter un tag
Pas de tags, Soyez le premier à ajouter un tag!

MARC

LEADER 00000nbm a2200000 4500
001 0294400
005 20240619095339.6
041 0 |a slo 
044 |a SK 
245 1 0 |a Obchodovanie na medzinárodných finančných trhoch  |b bakalárska práca  |c Peter Konečný ; školiteľ: Jozef Zuzik 
264 1 |a Košice  |c 2023 
300 |a 62 s. 
100 1 |a Konečný, Peter 
700 1 |a Zuzik, Jozef, 1985- 
710 2 |a Podnikovohospodárska fakulta EU so sídlom v Košiciach. Katedra obchodného podnikania